00614nam a2200193Ia 4500952013100000999001700131003000400148005001700152008004100169020001800210040000900228082002200237100002300259245003500282260003200317300000800349650001300357942005000370 00102ddc40708SSaMESbMEScMALd2019-02-20g40.00l0o894.812301 SUR/Cp31829r2019-02-20 00:00:00w2019-02-20yBKzGR31R1 c29154d29154OSt20210105103818.0190216s9999||||xx |||||||||||||| ||und|| a9788126406302 coclc a894.812301bSUR/C aSurendran, P 9540 0aChainees Market /cP Surendran bDc Books,aKottayam:c2004. a83p aKathakal cBK2ddch894.812301iSUR/Ck894.812301mSUR/C